00500nam a22001697a 450000500170000001000150001702000260003203500130005803700130007108200100008424500680009426000380016227000500020030000200025050000400027070000200031020130514115103.0 aENG-107101 a9789381090435c500.00 aEN-90634 bDBAD/PUB a150.310aEssential terminology of psychology /cedited by Savita Vaghela aHaryanabShanti Prakashanc(201?) a1780, Sector-1, Delhi By-passbRohtake124001 a277p.c22cm(Hb) aIncludes bibliographical references aVaghela, Savita